Datum a čas kvízu
27.5
Celkem bodů
Celkový počet nahraných bodů na tomto kvízu bez doplňovacích otázek.
11.
Pořadí na kvízu
Konečné umístění týmu na tomto kvízu.
Zaznamenané odpovědi
| # | Otázka | Odpověď | Body | Výsledky |
|---|---|---|---|---|
| 1. | Minulý týden informovala Fakul... | o základní kámen | 1 | |
| 2. | Americká firma Mattel se dopus... | adresa pornografických stránek | 1 | |
| 3. | Magazín People vyhlásil nejvíc... | John Krasinski | 1 | |
| 4. | Když prezident jednoho evropsk... | na Slovensku | 1 | |
| 5. | Který kanadský hokejista dosáh... | Connor McDavid | 0 | |
| 6. | Většina z nás se v dětství uči... | salmiak | 0 | |
| 7. | Který z těchto smyslů je u člo... | sluch (z ucha) | 1 | |
| 8. | U kterého z následujících živo... | B | 0 | |
| 9. | Těsné propojení čichu a chuti... | A | 0 | |
| 10. | Buňky v sítnici lidského oka c... | čípky | 0 |